000 01191nam a2200277Ia 4500
003 GCL
005 20240530110937.0
008 140319s1999 ua 000 0 ara d
017 _a1999/10290
_bمصر. دار الكتب
020 _a9770163112
040 _aGCL /
_cGCL
082 0 4 _a610.9
_b/ق/س ت
100 0 _aسمير يحيى الجمال
245 1 0 _aتاريخ الطب والصيدلة المصرية :
_bفى العصر الاسلامى والحديث.
_nالجزء الرابع /
_cسمير يحيى الجمال
260 _aالقاهرة :
_bالهيئة المصرية العامة للكتاب ،
_c1999
300 _a363 ص.؛
_c20 سم.
490 0 _aتاريخ المصريين ؛
_v157.
650 0 4 _aالصيدلة - تاريخ - مصر
650 0 4 _aالطب - تاريخ - مصر
650 0 4 _aالصيدلة- تاريخ-مصر القديمة
650 0 4 _aالصيدلة - تاريخ - العصرالاسلامى
650 0 4 _aالطب - تاريخ - مصر - العصر الحديث
650 0 4 _aالصيدلة - تاريخ - مصر - العصر الحديث
650 0 4 _aالطب - تاريخ - العصر الاسلامى
942 _2ddc
_cBK
999 _c66753
_d66753